Tennis - Rafael Nadal - Statistiques

Statistiques générales
  • Ce quiz a été pris 993 fois
    992 depuis la dernière actualisation
  • Le résultat moyen est 15 sur 22
Statistiques - réponses
Hint Réponse % Correct
Pays Espagne
100%
Meilleur Classement 1
95%
Dont Roland Garros 14
93%
Age du premier titre à Roland Garros 19
92%
Nombre de titres du Grand Chelem 22
91%
Revers 2 mains
82%
Adversaire le plus rencontré en carrière Novak Djokovic
81%
Passage professionel 2001
80%
Année 2008
78%
5 Années de Coupe Davis (Citez en une) 2004, 2008, 2009, 2011, 2019
77%
Meilleur résultat aux J.O. Or
75%
3 Masters 1000 qu'il n'a jamais remporté (Nommez en un) Miami, Shangai, Paris
72%
Naissance 1986
71%
Latéralité Gaucher
71%
Nombre de titres 92
66%
Tournoi qu'il a remporté huit fois consécutivement Monte-Carlo
59%
Nombre de victoires consécutives contre ce joueur 18
56%
Joueur contre lequel il a la plus grande série de victoires Richard Gasquet
52%
Dont terre battue 63
44%
Dernier tournoi joué Open d'Australie
19%
Dernier Adversaire du tournoi Fernando González
15%
Dernier adversaire en carrière Mackenzie McDonald
14%
Aucun quiz correspondant
Distribution des résultats
% des personnes avec chaque résultat
Percentile par nombre de réponses
Votre historique - résultats
Vous n’avez pas pris ce quiz depuis la dernière actualisation